Statistiques concernant Mots les plus communs de parties du corps

Cliquez ici pour prendre le quiz!

Statistiques générales

  • Ce quiz a été pris 313 fois
  • Le résultat moyen est 27 sur 46

Statistiques - réponses

rang mot % Correct
378pied
95%
466bras
94%
1492cou
94%
998bouche
94%
1697nez
94%
838jambe
93%
978doigt
92%
163main
91%
1319oreille
90%
230œil
87%
1485genou
84%
242tête
84%
572cheveux
82%
314fesse
80%
3376orteil
78%
3515coude
77%
1802dent
73%
933épaule
73%
4190cuisse
72%
470cœur
70%
1669sein
65%
2820langue
64%
3338poumon
63%
3857cheville
62%
4338sourcil
62%
2479estomac
61%
3630front
58%
4759foie
57%
3795menton
55%
1511lèvre
55%
1472os
51%
2625hanche
46%
1205cerveau
45%
3081talon
43%
1656poitrine
42%
3775pouce
39%
1699muscle
36%
1008peau
36%
2378gorge
26%
4711cul
21%
2938paume
20%
300visage
19%
4048mâchoire
14%
3503organe
7%
3657membre
2%
4628nervure
0%

Distribution des résultats

Percentile by Number Answered

% des personnes avec chaque résultat

Votre développement - résultats

Vous n’avez pas pris ce quiz